Bilder nach Buchstabe - P - Statistiken

Allgemein
  • Dieses Quiz wurde 12.827 mal gespielt
  • Das Durchschnittsergebnis liegt bei 10 aus 16
Antwortstatistiken
Bildquiz Antwort % Korrekt
Papst
99%
Pommes
99%
Puzzle
95%
Pelikan
89%
Pirat
87%
Pegasus
84%
Panther
83%
Pentagon
77%
Polaroid
75%
Peru
64%
Parlament
34%
Pagode
27%
Piccolo
25%
Parthenon
23%
Pinie
23%
Perlboot
8%
Keine übereinstimmenden Quizze gefunden
Verteilung der Resultate
Anzahl Personen mit jedem Resultat
Perzentil nach korrekt beantworteten Fragen
Ihre Resultats-Entwicklung
Sie haben dieses Quiz noch nicht gespielt